[Event "2018 Aurora Spring Open - U2000"]
[Site "Aurora, Ontario, Canada"]
[Date "2018.03.24"]
[Round "2.16"]
[White "Armstrong, Robert J"]
[Black "Maheux, Pierre"]
[Result "1/2-1/2"]
[WhiteElo "1557"]
[BlackElo "1675"]
[PlyCount "99"]
[EventDate "2018.03.24"]

1. g3 e5 2. Bg2 d5 3. c4 c6 4. Qb3 dxc4 5. Qxc4 Be6 6. Qa4 Nf6 7. Nc3 Bd6 8. d3
h6 9. Bd2 O-O 10. Nf3 Nbd7 11. Qh4 Be7 12. Qa4 Nb6 13. Qc2 Rc8 14. Nxe5 Nfd5
15. a3 Bd6 16. Nc4 Bb8 17. Ne4 Rc7 18. Nc5 Bc8 19. e4 Re7 20. O-O Nf6 21. Bc3
Nh7 22. Rad1 f5 23. e5 f4 24. Qe2 Ng5 25. Nd2 f3 26. Nxf3 Bg4 27. d4 Nxf3+ 28.
Kh1 Nxh2 29. f3 Nxf1 30. Rxf1 Be6 31. f4 Bc4 32. Nd3 Bd5 33. f5 Bxg2+ 34. Kxg2
Nd5 35. Nc5 Nc7 36. Qg4 Qd5+ 37. Kg1 Kh8 38. Qh4 Qf7 39. Ne4 Kg8 40. Nd6 Qd5
41. f6 Rd7 42. Qg4 Qe6 43. Qg6 Rff7 44. Nf5 Kh8 45. Nxg7 Rxg7 46. fxg7+ Rxg7
47. Rf8+ Rg8 48. Rxg8+ Qxg8 49. Qxh6+ Qh7 50. Qf8+ 1/2-1/2

[Event "2018 Aurora Spring Open - U2000"]
[Site "Aurora, Ontario, Canada"]
[Date "2018.03.24"]
[Round "2.17"]
[White "Osler, Brian"]
[Black "Pearson, Dave"]
[Result "0-1"]
[WhiteElo "1665"]
[BlackElo "1570"]
[PlyCount "98"]
[EventDate "2018.03.24"]

1. d4 Nf6 2. Bf4 e6 3. e3 d5 4. Nf3 h6 5. Bd3 Bd6 6. Bg3 Bxg3 7. hxg3 Nc6 8. c3
Qe7 9. Ne5 Qd6 10. f4 Nd7 11. Nd2 Ndxe5 12. fxe5 Qe7 13. Qf3 Bd7 14. O-O-O
O-O-O 15. Rdf1 Rdf8 16. e4 f6 17. exd5 fxe5 18. Qe4 exd5 19. Qxd5 exd4 20. cxd4
Nb4 21. Qb3 Nxd3+ 22. Qxd3 Qg5 23. Qa3 Rxf1+ 24. Rxf1 b6 25. Rf8+ Rxf8 26.
Qxf8+ Kb7 27. Qf4 Qd5 28. Qf3 Bc6 29. Qxd5 Bxd5 30. Kc2 Bxg2 31. Kd3 Kc6 32.
Ne4 a6 33. Nc3 g5 34. Nd1 h5 35. Ne3 Bd5 36. a3 h4 37. gxh4 gxh4 38. Nf1 b5 39.
Kc3 a5 40. b4 axb4+ 41. axb4 h3 42. Kd2 Bc4 43. Nh2 Kd6 44. Ke3 c6 45. Ng4 Bf1
46. Nh2 Bg2 47. Kf4 Ke6 48. Ke3 Kf5 49. Kd3 Kf4 0-1

[Event "2018 Aurora Spring Open - U2000"]
[Site "Aurora, Ontario, Canada"]
[Date "2018.03.24"]
[Round "3.1"]
[White "Huang, Youhe"]
[Black "Wang, Eric"]
[Result "1-0"]
[WhiteElo "1761"]
[BlackElo "1663"]
[PlyCount "55"]
[EventDate "2018.03.24"]

1. e4 e5 2. Nf3 Nc6 3. Bc4 Bc5 4. b4 Bxb4 5. c3 Ba5 6. d4 exd4 7. O-O Nf6 8.
cxd4 d6 9. e5 dxe5 10. Ba3 Bb4 11. Bxb4 Nxb4 12. Qa4+ Nc6 13. Rd1 Bd7 14. Qb3
Qe7 15. Nxe5 Nxe5 16. dxe5 Qxe5 17. Bxf7+ Kf8 18. Nc3 Qe7 19. Bc4 Bc6 20. Re1
Qc5 21. Rad1 g6 22. Nd5 Nxd5 23. Bxd5 Kg7 24. Bxc6 bxc6 25. Re7+ Kh6 26. Qf7
Qc3 27. Qf4+ g5 28. Re6+ 1-0

[Event "2018 Aurora Spring Open - U2000"]
[Site "Aurora, Ontario, Canada"]
[Date "2018.03.24"]
[Round "3.2"]
[White "Robertson, Kole"]
[Black "Qiao, Joey"]
[Result "1-0"]
[WhiteElo "1877"]
[BlackElo "1609"]
[PlyCount "41"]
[EventDate "2018.03.24"]

1. f4 d5 2. e3 Nf6 3. d4 e6 4. Nf3 Nbd7 5. Nbd2 Bd6 6. Bd3 c6 7. Ne5 Qb6 8. Qe2
c5 9. c3 c4 10. Bc2 Nb8 11. e4 Be7 12. O-O Nc6 13. Rf3 Nd7 14. Re3 Nf6 15. exd5
Nxd5 16. Nexc4 Qc7 17. Rg3 Bf6 18. Rf3 O-O 19. Bxh7+ Kxh7 20. Rh3+ Kg8 21. Qh5
1-0

[Event "2018 Aurora Spring Open - U2000"]
[Site "Aurora, Ontario, Canada"]
[Date "2018.03.24"]
[Round "3.3"]
[White "Ganea, Mihai"]
[Black "Uthayakumar, Ronan"]
[Result "1-0"]
[WhiteElo "1717"]
[BlackElo "1794"]
[PlyCount "39"]
[EventDate "2018.03.24"]

1. Nf3 Nf6 2. c4 g6 3. g3 Bg7 4. Bg2 O-O 5. O-O d5 6. cxd5 Nxd5 7. Nc3 Nc6 8.
d4 Nb6 9. e3 Bg4 10. h3 Be6 11. b3 Qd7 12. Kh2 Nd5 13. Ne4 b6 14. Neg5 h6 15.
Nxe6 Qxe6 16. Bb2 Rac8 17. e4 Qxe4 18. Ne5 Qf5 19. Nxc6 Qe6 20. Bxd5 1-0

[Event "2018 Aurora Spring Open - U2000"]
[Site "Aurora, Ontario, Canada"]
[Date "2018.03.24"]
[Round "3.5"]
[White "Xie, Austin"]
[Black "O'sullivan, Patrick"]
[Result "0-1"]
[WhiteElo "1522"]
[BlackElo "1744"]
[PlyCount "122"]
[EventDate "2018.03.24"]

1. e4 c6 2. d4 d5 3. exd5 cxd5 4. Bd3 Nc6 5. c3 Nf6 6. Nf3 Bg4 7. Nbd2 e6 8.
Nf1 Bd6 9. Bg5 a6 10. Ne3 Bh5 11. O-O b5 12. a4 b4 13. Be2 O-O 14. Qd2 Ne4 15.
Bxd8 Nxd2 16. Nxd2 Bxe2 17. Rfe1 Rfxd8 18. Rxe2 Rac8 19. Nb1 Rc7 20. Nc2 Rdc8
21. Rd2 Na5 22. Rd1 Nc4 23. Nxb4 Bxb4 24. cxb4 Nxb2 25. Rf1 Rc4 26. b5 axb5 27.
axb5 Rxd4 28. Na3 g6 29. Rfb1 Rb4 30. h3 Kf8 31. Ra2 Nd3 32. Rxb4 Nxb4 33. Rb2
Nd3 34. Rb1 Ke7 35. b6 Kd7 36. Nb5 Rb8 37. Nd4 Rb7 38. Nb3 Kd6 39. Na5 Rb8 40.
Kf1 Ne5 41. Ke2 Nc6 42. Nxc6 Kxc6 43. Kd3 Rxb6 44. Rxb6+ Kxb6 45. Kd4 f6 46. f4
Kc6 47. g4 Kd6 48. h4 e5+ 49. fxe5+ fxe5+ 50. Kd3 Kc5 51. h5 gxh5 52. gxh5 Kd6
53. h6 Ke6 54. Ke3 Kf5 55. Kd3 Kf4 56. Ke2 Ke4 57. Kd2 Kf3 58. Ke1 Ke3 59. Kd1
Kf2 60. Kd2 e4 61. Kd1 e3 0-1

[Event "2018 Aurora Spring Open - U2000"]
[Site "Aurora, Ontario, Canada"]
[Date "2018.03.24"]
[Round "3.6"]
[White "Mcglynn, Danny"]
[Black "Galvis, Nicolas Pinto"]
[Result "1-0"]
[WhiteElo "1849"]
[BlackElo "1620"]
[PlyCount "103"]
[EventDate "2018.03.24"]

1. e4 e6 2. Nc3 d5 3. d4 dxe4 4. Nxe4 Bd7 5. Nf3 Bc6 6. Bd3 Nd7 7. Be3 Ngf6 8.
Nxf6+ Nxf6 9. Qe2 Qe7 10. O-O Bxf3 11. Qxf3 c6 12. Bg5 h6 13. Bd2 Qd7 14. c3
Bd6 15. Rad1 O-O 16. Bxh6 Be7 17. Bd2 Qd5 18. Qh3 Qh5 19. Qg3 Rad8 20. Rde1 Bd6
21. Bf4 Bxf4 22. Qxf4 Qg4 23. Qe3 Rd5 24. f4 Qh4 25. Rf3 Ng4 26. Rh3 Nxe3 27.
Rxh4 Nf5 28. Rh3 g6 29. Bc4 Rdd8 30. g4 Nd6 31. Bd3 Rfe8 32. Rhe3 Kf8 33. Kf2
Kg7 34. Re5 Kf8 35. h4 Kg7 36. h5 gxh5 37. Rxh5 Rh8 38. Reh1 Rdf8 39. f5 exf5
40. Rxh8 Rxh8 41. Rxh8 Kxh8 42. Bxf5 Kg7 43. Kf3 a5 44. Bd3 Kf8 45. Kf4 Ke7 46.
g5 Nc8 47. b3 Nb6 48. c4 Ke6 49. Bf5+ Ke7 50. Ke5 a4 51. d5 cxd5 52. cxd5 1-0

[Event "2018 Aurora Spring Open - U2000"]
[Site "Aurora, Ontario, Canada"]
[Date "2018.03.24"]
[Round "3.7"]
[White "Liu, Harrison (Hangchen)"]
[Black "Sharpe, Michael D"]
[Result "1-0"]
[WhiteElo "1797"]
[BlackElo "1745"]
[PlyCount "131"]
[EventDate "2018.03.24"]

1. e4 c5 2. Ne2 d6 3. g3 g6 4. c3 e5 5. Bg2 Bg7 6. d4 Nc6 7. dxc5 dxc5 8. O-O
Qxd1 9. Rxd1 Be6 10. Na3 a6 11. Be3 Bf8 12. f4 f6 13. fxe5 fxe5 14. Kh1 b5 15.
Ng1 Nf6 16. Nf3 Ng4 17. Bg1 h6 18. h3 Nf6 19. Nh4 Kf7 20. Bh2 Be7 21. Nc2 Rad8
22. Ne3 Rxd1+ 23. Rxd1 Rd8 24. Rxd8 Bxd8 25. Nd5 Ne7 26. Nf3 Nfxd5 27. exd5
Nxd5 28. Nxe5+ Kf6 29. g4 Ne3 30. Bb7 Bxa2 31. Nd7+ Kg5 32. Nxc5 Nd1 33. Bg3
Kf6 34. Bxa6 Nxb2 35. Bxb5 Nd1 36. c4 Ne3 37. Nd7+ Kg7 38. c5 Bd5+ 39. Kg1 Be6
40. Bd6 Bxd7 41. Bxd7 Nd5 42. Kf2 Nc7 43. Kf3 Kf6 44. Ke4 Kf7 45. Kf3 Kf6 46.
Kg3 Kf7 47. h4 Nd5 48. c6 Nc7 49. h5 gxh5 50. gxh5 Kg7 51. Kg4 Nd5 52. Kf5 Nc7
53. Ke4 Kf6 54. Bf4 Kg7 55. Bf5 Ne8 56. Bg6 Nc7 57. Ke5 Nb5 58. Kd5 Nc7+ 59.
Kd6 Nb5+ 60. Kd7 Ba5 61. Bd3 Na7 62. Be5+ Kg8 63. c7 Bb6 64. Ke8 Nc8 65. Bc4+
Kh7 66. Kf7 1-0

[Event "2018 Aurora Spring Open - U2000"]
[Site "Aurora, Ontario, Canada"]
[Date "2018.03.24"]
[Round "3.8"]
[White "Shen, Isamel"]
[Black "Moran-Venegas, Mario"]
[Result "1-0"]
[WhiteElo "1559"]
[BlackElo "1794"]
[PlyCount "103"]
[EventDate "2018.03.24"]

1. e4 c5 2. Nf3 d6 3. d4 cxd4 4. Nxd4 Nf6 5. Nc3 a6 6. Be2 e6 7. Bg5 Be7 8. O-O
Nbd7 9. a4 O-O 10. Kh1 Nc5 11. f3 Bd7 12. b4 e5 13. bxc5 exd4 14. cxd6 Bxd6 15.
Qxd4 Be7 16. Rfd1 Qa5 17. e5 Bc5 18. Qh4 Qxc3 19. exf6 Bf5 20. fxg7 Rfe8 21.
Bc4 Qxc2 22. Rac1 Qf2 23. Qf4 Bg6 24. Qc7 b6 25. Rf1 Qd4 26. Rfd1 Qf2 27. Rf1
Qd4 28. Rfd1 Qxg7 29. Rd7 Qe5 30. Qxe5 Rxe5 31. f4 Re4 32. Bd5 Rxa4 33. Bxa8
Bf5 34. Rd8+ Kg7 35. h3 h6 36. Bh4 Rxf4 37. Bg3 Ra4 38. Be5+ f6 39. Bb2 Ra2 40.
Bd4 Bxd4 41. Rxd4 b5 42. Bf3 Kg6 43. Rc6 Kg5 44. h4+ Kg6 45. Rdd6 Bc2 46. Rxf6+
Kg7 47. Bh5 Bb3 48. Rg6+ Kf8 49. Rc7 Bd5 50. Rf6+ Kg8 51. Rg6+ Kf8 52. Rb6 1-0

[Event "2018 Aurora Spring Open - U2000"]
[Site "Aurora, Ontario, Canada"]
[Date "2018.03.24"]
[Round "3.9"]
[White "Hannah, Brandon"]
[Black "Joseph Benher, Savio"]
[Result "1/2-1/2"]
[WhiteElo "1777"]
[BlackElo "1743"]
[PlyCount "147"]
[EventDate "2018.03.24"]

1. d4 Nf6 2. c4 e6 3. Nf3 Bb4+ 4. Bd2 Qe7 5. g3 O-O 6. Bg2 Bxd2+ 7. Qxd2 d6 8.
Nc3 e5 9. O-O Nc6 10. d5 Nb8 11. e4 a5 12. Ne1 Na6 13. Nd3 Nd7 14. Rae1 Ndc5
15. Nxc5 Nxc5 16. f4 g6 17. f5 gxf5 18. exf5 f6 19. Ne4 Nxe4 20. Rxe4 Kh8 21.
g4 Rg8 22. Kh1 Bd7 23. h4 b6 24. Bh3 Raf8 25. Re2 Qf7 26. Rg2 Bc8 27. Kh2 Bd7
28. Qe3 Bc8 29. Rg3 Bd7 30. Kg2 Bc8 31. Rf2 b5 32. b3 bxc4 33. bxc4 Ba6 34. Qe4
c6 35. Ra3 cxd5 36. cxd5 h5 37. Kh2 hxg4 38. Bxg4 Rc8 39. Be2 Bxe2 40. Qxe2 Rc5
41. Rd3 Qh7 42. Qe4 Qh5 43. Rg3 Rxg3 44. Kxg3 Qd1 45. Qg4 Qxg4+ 46. Kxg4 Rxd5
47. Kh5 Kh7 48. Rb2 Rc5 49. Rb7+ Kg8 50. Kg6 Rc8 51. Rd7 Re8 52. Rxd6 e4 53.
Rd2 e3 54. Re2 Kf8 55. Kxf6 Re4 56. Kg5 Kg7 57. h5 a4 58. a3 Re8 59. Kf4 Rh8
60. Rxe3 Rxh5 61. Kg4 Rh1 62. Re7+ Kf6 63. Re6+ Kf7 64. Re3 Kf6 65. Rf3 Rb1 66.
Rf4 Rg1+ 67. Kf3 Rf1+ 68. Ke3 Re1+ 69. Kd3 Re5 70. Kc3 Rxf5 71. Rxf5+ Kxf5 72.
Kb4 Ke6 73. Kxa4 Kd6 74. Kb5 1/2-1/2

[Event "2018 Aurora Spring Open - U2000"]
[Site "Aurora, Ontario, Canada"]
[Date "2018.03.24"]
[Round "3.10"]
[White "Maheux, Pierre"]
[Black "Zhao, Jeffrey R"]
[Result "1/2-1/2"]
[WhiteElo "1675"]
[BlackElo "1787"]
[PlyCount "156"]
[EventDate "2018.03.24"]

1. e4 c5 2. Nf3 d6 3. Nc3 Nf6 4. d4 cxd4 5. Nxd4 a6 6. Be2 e6 7. Be3 Qc7 8. O-O
b5 9. a3 Bb7 10. f3 Be7 11. Qe1 d5 12. exd5 Nxd5 13. Nxd5 Bxd5 14. Bd3 O-O 15.
Rd1 Nd7 16. c3 Nb6 17. Kh1 Nc4 18. Bc1 Rac8 19. Be4 Rfd8 20. f4 Rd7 21. f5 e5
22. Nf3 Rcd8 23. Bxd5 Rxd5 24. Rxd5 Rxd5 25. Qe4 Qd6 26. h3 Bd8 27. h4 Na5 28.
Be3 Nc4 29. Bg1 Nb6 30. Be3 Nd7 31. Bg5 Bc7 32. Be7 Qc6 33. f6 g6 34. Nh2 Nc5
35. Qe3 Ne6 36. Ng4 Qe8 37. Nf2 Bd8 38. Bxd8 Qxd8 39. Ne4 Rd3 40. Qa7 Qd5 41.
Ng5 Nf8 42. Qxa6 e4 43. Qc8 Rd1 44. Rxd1 Qxd1+ 45. Kh2 Qd6+ 46. Kh3 Qxf6 47.
Nxe4 Qe5 48. Qc6 Ne6 49. g3 Qf5+ 50. Kg2 Kg7 51. Nf2 g5 52. Qe4 Qf6 53. hxg5
Qd8 54. Qe5+ Kg8 55. Ne4 Qd1 56. Nf6+ Kf8 57. Nxh7+ Ke7 58. Nf6 Qd2+ 59. Kf1
Qc1+ 60. Qe1 Qxg5 61. Ne4 Qf5+ 62. Kg2 Qd5 63. Qe3 f5 64. Kf2 Qxe4 65. Qxe4
fxe4 66. Ke3 Ng5 67. b3 Kd6 68. Kd4 Ne6+ 69. Kxe4 Nc5+ 70. Kd4 Nxb3+ 71. Kd3
Kc5 72. g4 Kd5 73. g5 Nc5+ 74. Kc2 Ne6 75. Kb3 Kc5 76. g6 Ng7 77. a4 bxa4+ 78.
Kxa4 Kc4 1/2-1/2

[Event "2018 Aurora Spring Open - U2000"]
[Site "Aurora, Ontario, Canada"]
[Date "2018.03.24"]
[Round "3.11"]
[White "Mansilla, Guillermo"]
[Black "Jordan, John"]
[Result "1/2-1/2"]
[WhiteElo "1512"]
[BlackElo "1694"]
[PlyCount "67"]
[EventDate "2018.03.24"]

1. d4 d5 2. Bf4 Nf6 3. Nf3 e6 4. e3 Be7 5. Bd3 O-O 6. O-O c5 7. c3 Nc6 8. Nbd2
h6 9. Ne5 Bd7 10. Bg3 cxd4 11. exd4 a6 12. f4 b5 13. Qe2 Qc8 14. Bh4 Na5 15.
Rac1 Nc4 16. Ndxc4 bxc4 17. Bb1 Be8 18. Qc2 g6 19. g4 Qc7 20. Qg2 Nh7 21. Qh3
Bxh4 22. Qxh4 Kg7 23. f5 Qd8 24. Qg3 g5 25. fxe6 fxe6 26. Nf3 Rf4 27. Rce1 Nf8
28. Ne5 Rxf1+ 29. Rxf1 Qe7 30. Rf2 Ra7 31. h3 Rb7 32. Kh2 Nd7 33. h4 gxh4 34.
Qf4 1/2-1/2

[Event "2018 Aurora Spring Open - U2000"]
[Site "Aurora, Ontario, Canada"]
[Date "2018.03.24"]
[Round "3.12"]
[White "Botha, Charl Elmo"]
[Black "Armstrong, Robert J"]
[Result "1/2-1/2"]
[WhiteElo "1603"]
[BlackElo "1557"]
[PlyCount "136"]
[EventDate "2018.03.24"]

1. e4 g6 2. Bc4 Bg7 3. d3 c5 4. Nc3 Qb6 5. Nf3 Nc6 6. O-O d6 7. Nd5 Qd8 8. c3
e6 9. Nf4 Bd7 10. Re1 Nge7 11. Ng5 Qc8 12. Re3 h6 13. Ngh3 Na5 14. Bb3 Nxb3 15.
axb3 O-O 16. Rg3 e5 17. Ne2 Kh7 18. Be3 f5 19. f4 exf4 20. Bxf4 Be5 21. Qd2
Bxf4 22. Qxf4 Qc7 23. Qh4 Rae8 24. Rf1 Bc8 25. Nef4 Kg7 26. Nh5+ Kh7 27. Nf6+
Kg7 28. Nxe8+ Rxe8 29. Nf4 Kh7 30. Qf6 Rg8 31. Nh5 Nc6 32. Nf4 Ne5 33. Nd5 Qd8
34. Ne7 Rg7 35. Nd5 Qxf6 36. Nxf6+ Kh8 37. Nd5 Bd7 38. exf5 Bxf5 39. Rd1 Rf7
40. h3 Be6 41. c4 Kg7 42. Rf1 Bf5 43. Nf4 Kh7 44. Nd5 Kh8 45. b4 b6 46. bxc5
bxc5 47. b4 cxb4 48. Nxb4 Rb7 49. Nd5 Bxd3 50. Rc1 Bxc4 51. Nf4 Bf7 52. Rc8+
Kh7 53. Nd3 Nxd3 54. Rxd3 d5 55. Kf2 Re7 56. Rdc3 Kg7 57. R8c7 Rxc7 58. Rxc7
Kf6 59. Rxa7 Be6 60. Ke3 Ke5 61. g4 h5 62. gxh5 gxh5 63. h4 d4+ 64. Kf3 Bg4+
65. Kf2 Ke4 66. Re7+ Kd3 67. Ke1 Kc2 68. Re5 Kd3 1/2-1/2

[Event "2018 Aurora Spring Open - U2000"]
[Site "Aurora, Ontario, Canada"]
[Date "2018.03.24"]
[Round "3.14"]
[White "Ai, Amy"]
[Black "Osler, Brian"]
[Result "0-1"]
[WhiteElo "1579"]
[BlackElo "1665"]
[PlyCount "122"]
[EventDate "2018.03.24"]

1. e4 e6 2. d4 d5 3. Nd2 Nf6 4. e5 Nfd7 5. Ngf3 c5 6. c3 Nc6 7. Be2 Be7 8. O-O
g5 9. Nb1 g4 10. Ne1 h5 11. f4 Nf8 12. Bd3 cxd4 13. cxd4 Nxd4 14. Qa4+ Nc6 15.
f5 Bd7 16. fxe6 Nxe6 17. Qc2 Nxe5 18. Qf2 Bc5 19. Be3 Bxe3 20. Qxe3 Qb6 21.
Qxb6 axb6 22. Bc2 Nd4 23. Nc3 Bc6 24. Rd1 Nxc2 25. Nxc2 O-O-O 26. Nb4 d4 27.
Ne2 Bb5 28. Rfe1 Bxe2 29. Rxe2 Nc6 30. Nd3 f5 31. Rf1 Rdf8 32. Rd2 Kd7 33. Ne1
Ke6 34. Nc2 Rd8 35. Rfd1 Rh7 36. Nxd4+ Rxd4 37. Rxd4 Nxd4 38. Rxd4 Rd7 39. Rxd7
Kxd7 40. g3 Kd6 41. Kf2 Ke5 42. Ke3 b5 43. b4 f4+ 44. gxf4+ Kf5 45. Kd4 Kxf4
46. Kc5 h4 47. Kxb5 g3 48. hxg3+ hxg3 49. Kb6 g2 50. Kxb7 g1=Q 51. a4 Qg7+ 52.
Kb6 Qf6+ 53. Kb5 Qe5+ 54. Kb6 Qd6+ 55. Kb5 Qb8+ 56. Kc5 Qa7+ 57. Kb5 Ke4 58. a5
Kd5 59. Ka4 Kc4 60. b5 Qe3 61. a6 Qb3+ 0-1

[Event "2018 Aurora Spring Open - U2000"]
[Site "Aurora, Ontario, Canada"]
[Date "2018.03.25"]
[Round "4.1"]
[White "Ranola, Alberto"]
[Black "Huang, Youhe"]
[Result "1/2-1/2"]
[WhiteElo "1910"]
[BlackElo "1761"]
[PlyCount "118"]
[EventDate "2018.03.24"]

1. Nf3 d5 2. c4 c6 3. e3 Bf5 4. d4 Nf6 5. Nc3 e6 6. Bd3 Bxd3 7. Qxd3 dxc4 8.
Qxc4 Nbd7 9. O-O Be7 10. e4 Rc8 11. Bf4 b5 12. Qe2 b4 13. Na4 Qa5 14. b3 Nb6
15. Nc5 Bxc5 16. dxc5 Qxc5 17. Rac1 Qb5 18. Qc2 O-O 19. Nd4 Qa6 20. Nxc6 Qb7
21. Bd6 Rfe8 22. Bxb4 e5 23. Rfd1 Re6 24. Rd6 Kh8 25. Rxe6 fxe6 26. Bd6 Nbd7
27. Qc4 Nb6 28. Qc2 Nbd7 29. Ba3 Nb8 30. Na5 Rxc2 31. Nxb7 Rxc1+ 32. Bxc1 Nxe4
33. Be3 Nc6 34. Nc5 Nc3 35. a4 Ne2+ 36. Kf1 Ned4 37. Ke1 Kg8 38. Kd2 Kf7 39.
Kc3 a5 40. Kc4 Ke7 41. f4 Nf5 42. Bd2 Nd6+ 43. Kd3 exf4 44. Bxf4 Nb4+ 45. Kd2
Nc6 46. Bg5+ Kf7 47. Bf4 e5 48. Be3 Ke7 49. h3 Nf5 50. Bf2 g5 51. g4 Nd6 52. h4
gxh4 53. Bxh4+ Kf7 54. Ke3 h5 55. Ne4 Nxe4 56. Kxe4 hxg4 57. Kf5 Nd4+ 58. Kxg4
Nxb3 59. Kf5 Nc5 1/2-1/2

[Event "2018 Aurora Spring Open - U2000"]
[Site "Aurora, Ontario, Canada"]
[Date "2018.03.25"]
[Round "4.3"]
[White "O'sullivan, Patrick"]
[Black "Gao, Raymond"]
[Result "1-0"]
[WhiteElo "1744"]
[BlackElo "1793"]
[PlyCount "59"]
[EventDate "2018.03.24"]

1. e4 c5 2. Nf3 d6 3. Bb5+ Nd7 4. d4 cxd4 5. Qxd4 a6 6. Bxd7+ Bxd7 7. c4 e5 8.
Qd3 h6 9. a4 Nf6 10. Nc3 Be7 11. O-O O-O 12. Rd1 Rc8 13. b3 Be6 14. Ba3 Ne8 15.
Nd5 Bxd5 16. Qxd5 Qb6 17. Qd3 Rd8 18. Nd2 Nc7 19. Nf1 Ne6 20. Rab1 Nf4 21. Qc2
f5 22. exf5 Rf6 23. Ne3 Rdf8 24. h4 g6 25. g3 Nh5 26. Nd5 Qa7 27. Nxe7+ Kg7 28.
Bxd6 Rxf5 29. Nxf5+ Rxf5 30. c5 1-0

[Event "2018 Aurora Spring Open - U2000"]
[Site "Aurora, Ontario, Canada"]
[Date "2018.03.25"]
[Round "4.4"]
[White "Qiao, Joey"]
[Black "Mcglynn, Danny"]
[Result "1-0"]
[WhiteElo "1609"]
[BlackElo "1849"]
[PlyCount "95"]
[EventDate "2018.03.24"]

1. e4 c6 2. d4 d5 3. Nc3 dxe4 4. Nxe4 Nf6 5. Ng3 h5 6. h4 Nbd7 7. Nf3 e6 8. Bd3
Bd6 9. Ne4 Nxe4 10. Bxe4 Qc7 11. c3 Nf6 12. Bc2 Bd7 13. Bd2 O-O-O 14. Qe2 Ng4
15. O-O-O c5 16. Kb1 Bc6 17. Be3 Nxe3 18. fxe3 cxd4 19. exd4 Bd5 20. Bd3 Kb8
21. Nd2 Be7 22. Rdf1 Bf6 23. Ne4 Bxe4 24. Bxe4 Rd7 25. Bf3 Qa5 26. Qe4 Rc8 27.
Bd1 Qb6 28. Bb3 a5 29. Qf3 Qb5 30. Qd1 Rdc7 31. Ba4 Qa6 32. Qxh5 Bxd4 33. Bb5
Qb6 34. cxd4 Qxd4 35. Qd1 Qe4+ 36. Qd3 Qxg2 37. Rhg1 Qh2 38. Rh1 Qg2 39. Qe2
Qd5 40. Bd3 g6 41. Rd1 Qc5 42. Qd2 Qd5 43. Qh2 e5 44. Bf5 Qc6 45. Bxc8 Qe4+ 46.
Ka1 Rc2 47. Qg3 Kxc8 48. Qd3 1-0

[Event "2018 Aurora Spring Open - U2000"]
[Site "Aurora, Ontario, Canada"]
[Date "2018.03.25"]
[Round "4.5"]
[White "Shen, Isamel"]
[Black "Liu, Harrison (Hangchen)"]
[Result "0-1"]
[WhiteElo "1559"]
[BlackElo "1797"]
[PlyCount "98"]
[EventDate "2018.03.24"]

1. e4 c5 2. Nf3 d6 3. d4 cxd4 4. Nxd4 Nf6 5. Nc3 g6 6. Be2 Bg7 7. Nb3 O-O 8.
O-O Nc6 9. Bg5 b6 10. f4 Bb7 11. Bd3 Rc8 12. Qe2 e5 13. fxe5 Nxe5 14. Rad1 h6
15. Bh4 g5 16. Bg3 Re8 17. Nd2 d5 18. Nf3 Nxd3 19. cxd3 d4 20. Nb5 Nh5 21. Bf2
Nf4 22. Qd2 Qd7 23. Nbxd4 Ba6 24. Nf5 Qxd3 25. Qxd3 Bxd3 26. Rfe1 Bf8 27. Ng3
Rc2 28. Rd2 Bb4 29. Rxc2 Bxc2 30. Rc1 Bxe4 31. Nxe4 Ne2+ 32. Kf1 Nxc1 33. Nf6+
Kf8 34. Nxe8 Kxe8 35. a3 Bc5 36. Bxc5 bxc5 37. Ne5 f5 38. Kf2 Ke7 39. Ke3 Ke6
40. Nc4 Kd5 41. Na5 c4 42. Kd2 Nb3+ 43. Nxb3 cxb3 44. Kd3 h5 45. h3 f4 46. a4
a5 47. Kc3 g4 48. h4 f3 49. gxf3 g3 0-1

[Event "2018 Aurora Spring Open - U2000"]
[Site "Aurora, Ontario, Canada"]
[Date "2018.03.25"]
[Round "4.8"]
[White "Crnilovic, Grisha"]
[Black "Hannah, Brandon"]
[Result "0-1"]
[WhiteElo "1542"]
[BlackElo "1777"]
[PlyCount "53"]
[EventDate "2018.03.24"]

1. e4 c5 2. Nf3 d6 3. d4 cxd4 4. Nxd4 Nf6 5. Nc3 a6 6. Bc4 e6 7. Bg5 Nbd7 8.
O-O Qc7 9. Bb3 Nc5 10. f3 Be7 11. Kh1 O-O 12. Rc1 b5 13. a3 Bb7 14. Ba2 Rac8
15. Nce2 d5 16. exd5 Nxd5 17. Bxe7 Ne3 18. Qe1 Qxe7 19. Rf2 e5 20. Nb3 Na4 21.
Nc3 Nxc3 22. Qxe3 Nxa2 23. Ra1 Rfd8 24. Re2 Bd5 25. Rxa2 Rxc2 26. Rxc2 Bxb3 27.
Qxb3 0-1

[Event "2018 Aurora Spring Open - U2000"]
[Site "Aurora, Ontario, Canada"]
[Date "2018.03.25"]
[Round "4.9"]
[White "Joseph Benher, Savio"]
[Black "Xie, Austin"]
[Result "1-0"]
[WhiteElo "1743"]
[BlackElo "1522"]
[PlyCount "126"]
[EventDate "2018.03.24"]

1. e4 e5 2. Nf3 Nc6 3. d4 exd4 4. Bc4 Bc5 5. Ng5 Ne5 6. Bxf7+ Nxf7 7. Nxf7 Bb4+
8. c3 Bxc3+ 9. bxc3 Kxf7 10. cxd4 Ne7 11. O-O Rf8 12. Nc3 Kg8 13. Ba3 d6 14.
Qd2 Be6 15. d5 Bd7 16. Bb2 Ng6 17. Rae1 Ne5 18. Qd4 Qg5 19. Kh1 Rf6 20. Bc1 Qh5
21. f4 Ng4 22. h3 Nh6 23. f5 a6 24. Kg1 Nf7 25. Bf4 Rf8 26. Qe3 g5 27. Bh2 Ne5
28. Bxe5 dxe5 29. g4 Qh6 30. Rb1 b6 31. Qd3 Rc8 32. Kg2 a5 33. a4 Qf8 34. Qe3
h6 35. Qg3 Qd6 36. Nb5 Qe7 37. Rfc1 c6 38. Nc3 c5 39. d6 Qxd6 40. Nd5 Rf7 41.
Rxb6 Rc6 42. Rcb1 c4 43. Qc3 Qc5 44. Rb8+ Kh7 45. Qxe5 Rf8 46. Rxf8 Qxf8 47.
Rb7 Qd8 48. Rb8 Bc8 49. Qc3 Qe8 50. Kf3 Qf7 51. Nb6 Qa7 52. Rxc8 Rxc8 53. Nxc8
Qb8 54. Qxc4 Qf4+ 55. Ke2 Qh2+ 56. Kd3 Qg3+ 57. Kd4 Qf2+ 58. Ke5 Qb2+ 59. Ke6
Qg7 60. f6 Qg8+ 61. f7 Qg6+ 62. Ke7 Qg7 63. Qe6 h5 1-0

[Event "2018 Aurora Spring Open - U2000"]
[Site "Aurora, Ontario, Canada"]
[Date "2018.03.25"]
[Round "4.11"]
[White "Zhao, Jeffrey R"]
[Black "Osler, Brian"]
[Result "1-0"]
[WhiteElo "1787"]
[BlackElo "1665"]
[PlyCount "53"]
[EventDate "2018.03.24"]

1. e4 e6 2. d4 d5 3. Nc3 Bb4 4. e5 c5 5. a3 Bxc3+ 6. bxc3 Ne7 7. Qg4 Nbc6 8.
Qxg7 Rg8 9. Qxh7 Qa5 10. Bd2 cxd4 11. cxd4 Qc7 12. Nf3 Bd7 13. Qd3 O-O-O 14.
Bf4 Nf5 15. Bg3 Na5 16. Rb1 Nc4 17. Qc3 Kb8 18. Bxc4 dxc4 19. O-O Ne7 20. Nd2
Rc8 21. Ne4 Nf5 22. Nc5 Ka8 23. Rxb7 Qxb7 24. Nxb7 Kxb7 25. Rb1+ Ka8 26. Rb4
Rb8 27. Qf3+ 1-0

[Event "2018 Aurora Spring Open - U2000"]
[Site "Aurora, Ontario, Canada"]
[Date "2018.03.25"]
[Round "4.12"]
[White "Sharpe, Michael D"]
[Black "Mansilla, Guillermo"]
[Result "1-0"]
[WhiteElo "1745"]
[BlackElo "1512"]
[PlyCount "55"]
[EventDate "2018.03.24"]

1. c4 b6 2. Nf3 Bb7 3. Nc3 Bxf3 4. exf3 c5 5. g3 Nc6 6. Bg2 Nd4 7. d3 g6 8. Be3
Bg7 9. Qd2 e6 10. Rc1 Ne7 11. Nb5 Nxb5 12. cxb5 Nd5 13. f4 Rc8 14. Bxd5 exd5
15. f5 d4 16. Bg5 Bf6 17. Bh6 d6 18. O-O Qd7 19. Rfe1+ Kd8 20. Qf4 gxf5 21. Bg5
Bxg5 22. Qxg5+ Kc7 23. Re7 Rhg8 24. Rxd7+ Kxd7 25. Qxf5+ Ke7 26. Re1+ Kf8 27.
Re4 Rg6 28. Rf4 1-0

[Event "2018 Aurora Spring Open - U2000"]
[Site "Aurora, Ontario, Canada"]
[Date "2018.03.25"]
[Round "4.13"]
[White "Jordan, John"]
[Black "Botha, Charl Elmo"]
[Result "0-1"]
[WhiteElo "1694"]
[BlackElo "1603"]
[PlyCount "76"]
[EventDate "2018.03.24"]

1. d4 b6 2. e4 Bb7 3. Nc3 e6 4. a3 Nf6 5. Bd3 c5 6. Nf3 Qc7 7. O-O c4 8. e5
cxd3 9. exf6 dxc2 10. Qxc2 gxf6 11. Qd1 a6 12. Re1 d5 13. Bd2 Bd6 14. Rc1 Qd7
15. Qb3 Bc7 16. Qc2 Qd6 17. g3 Nd7 18. Bf4 Qc6 19. Bd2 Rc8 20. Bh6 Ke7 21. Qd2
b5 22. Na2 Qb6 23. Nb4 Bd6 24. Nd3 Rxc1 25. Rxc1 Rc8 26. Rxc8 Bxc8 27. b4 Qc7
28. Nc5 Bxc5 29. dxc5 Ne5 30. Nd4 Nc4 31. Qc3 e5 32. Nc2 Qc6 33. Bc1 d4 34. Qd3
Bb7 35. f3 Qxf3 36. Qxf3 Bxf3 37. Kf2 Be4 38. Ne1 d3 0-1

[Event "2018 Aurora Spring Open - U2000"]
[Site "Aurora, Ontario, Canada"]
[Date "2018.03.25"]
[Round "4.15"]
[White "Barbarich, Zdravko"]
[Black "Armstrong, Robert J"]
[Result "1-0"]
[WhiteElo "1616"]
[BlackElo "1557"]
[PlyCount "28"]
[EventDate "2018.03.24"]

1. d4 f5 2. g3 Nf6 3. Bg2 Ne4 4. Nd2 d5 5. c4 e6 6. cxd5 exd5 7. e3 Bb4 8. Ne2
O-O 9. O-O g5 10. f3 Nxd2 11. Bxd2 Bd6 12. Nc3 c6 13. e4 Qb6 14. Bxg5 Qxd4+ 1-0